Central Library OPAC University of Rajshahi

হবীবুল্লাহ বাহার : (Record no. 65584)

MARC details
000 -LEADER
fixed length control field 01019nam a2200241 a 4500
001 - CONTROL NUMBER
control field 65584
003 - CONTROL NUMBER IDENTIFIER
rucl marc code BD-RjUL
005 - DATE AND TIME OF LATEST TRANSACTION
control field 20211209081436.0
008 - FIXED-LENGTH DATA ELEMENTS--GENERAL INFORMATION
fixed length control field 170308s1987 bg ||||| |||| 00| 0 d
035 ## - SYSTEM CONTROL NUMBER
System control number (BD-RjUL)65714
040 ## - CATALOGING SOURCE
Original cataloging agency BD-RjUL
Language of cataloging ben
Transcribing agency BD-RjUL
041 ## - LANGUAGE CODE
Language code of text/sound track or separate title ben
082 ## - DEWEY DECIMAL CLASSIFICATION NUMBER
Edition number 23
Classification number 891.44092
Author mark and year SHH 1987
100 1# - MAIN ENTRY--PERSONAL NAME
Personal name শামসুদ্দীন, আবু জাফর.
9 (RLIN) 193495
245 10 - TITLE STATEMENT
Title হবীবুল্লাহ বাহার :
Remainder of title ১৯০৬ - ১৯৬৬ /
Statement of responsibility, etc. আবু জাফর শামসুদ্দীন
260 ## - PUBLICATION, DISTRIBUTION, ETC. (IMPRINT)
Place of publication, distribution, etc. ঢাকা :
Name of publisher, distributor, etc. বাংলা একাডেমী,
Date of publication, distribution, etc. ১৯৮৭
300 ## - PHYSICAL DESCRIPTION
Pagination ৬৩ পৃ. ;
Size ২২ সেমি.
490 ## - SERIES STATEMENT
Series statement জীবনী গ্রন্থমালা
600 ## - SUBJECT ADDED ENTRY--PERSONAL NAME
Personal name হবীবুল্লাহ বাহার
Dates associated with a name ১৯০৬ - ১৯৬৬
General subdivision জ়ীবনী
Personal name Habibullah Bahar
Dates associated with a name 1906 - 1966
General subdivision Biography
830 ## - SERIES ADDED ENTRY--UNIFORM TITLE
Uniform title জীবনী গ্রন্থমালা
942 ## - ADDED ENTRY ELEMENTS (KOHA)
Source of classification or shelving scheme Dewey Decimal Classification
Koha item type Books
Holdings
Lost status Source of classification or shelving scheme Damaged status Not for loan Collection code Permanent Location Current Location Shelving location Date acquired Source of acquisition Cost, normal purchase price Total Checkouts Full call number Date last seen Copy number Koha item type
  Dewey Decimal Classification   Not For Loan Non-fiction Central Library, University of Rajshahi Central Library, University of Rajshahi Reading Room 12/06/1990 Bangla Academy, Dhaka 45.00   B 891.44092 SHH 1987 08/03/2017 C-1 Books